000
00340nam a2200145Ia 4500
005
20251020182559.0
008
200515s9999 xx 000 0 und d
082
_a
SC/331.822/823.56/C74
245
0
_a
Consejos generales de prudencia
260
_a
Lima
260
_c
s.a.
300
_a
s.n.
650
_a
SEGURIDAD E HIGIENE
942
_c
LIB
999
_c
3003
_d
3003